| 000 | 00000nam##2200000za#4500 |
| 001 | 9.581192 |
| 003 | CaOODSP |
| 005 | 20210624191412 |
| 007 | cr ||||||||||| |
| 008 | 150406|2005||||xxc|||||o f|0| 0 eng|d |
| 040 | |aCaOODSP|beng |
| 043 | |an-cn--- |
| 086 | 1 |aNH18-22/105-105E-PDF |
| 110 | 2 |aCanada Mortgage and Housing Corporation. |
| 245 | 10|aTesting the adhesion of air-barrier membranes in wall assemblies |h[electronic resource] |
| 250 | |aRevised 2010 |
| 260 | |aOttawa - Ontario : |bCanada Mortgage and Housing Corporation |cc2005, 2010. |
| 300 | |a4p.|bcoloured illus. |
| 490 | 1 |aResearch highlight. Technical series |v05-105 |
| 500 | |aFile reproduced from original print. |
| 590 | |a14-20-Supp|b2014-11-25 |
| 775 | 08|tMise à l'essai de l'adhésion des membranes pare-air dans les murs |w(CaOODSP)9.608038 |
| 776 | 0#|tTesting the adhesion of air-barrier membranes in wall assemblies |w(CaOODSP)9.617429 |
| 830 | #0|aResearch highlight. Technical series ;|v05-105|w(CaOODSP)9.504482 |
| 856 | 40|ahttp://publications.gc.ca|qPDF|s197 KB|uhttps://publications.gc.ca/collections/collection_2014/schl-cmhc/NH18-22-105-105-eng.pdf|y05-105 |